Most Lines in 'The Walking Dead' Quiz Stats

 Plays Quiz Updated May 30, 2018

Challenge
Share
Tweet
Embed
Score 0/56 Timer 10:00
2 Plays Today
Lines Character % Correct
3,137Rick Grimes
97.5%
704Carl Grimes
95.7%
1,370Daryl Dixon
94.3%
1,005Glenn Rhee
92.4%
945Maggie Greene
90.8%
1048Carol Peletier
90.2%
590Lori Grimes
88.1%
535Hershel Greene
87.1%
685Shane Walsh
86%
548The Governor/Philip Blake/Brian Heriot
85.7%
688Andrea
82.9%
784Michonne
82.4%
353Beth Greene
82.3%
347Sgt. Abraham Ford
77.8%
498Sasha Williams
76.4%
297Merle Dixon
76.3%
287Dale Horvath
74.9%
197Theodore 'T-Dog' Douglas
73.7%
431Negan
72.8%
307Tyreese Williams
72.3%
376Eugene Porter
71.4%
497Morgan Jones
70.9%
285Rosita Espinosa
66.7%
147Bob Stookey
65%
495Tara Chambler
60.7%
227Paul 'Jesus' Rovia
54.6%
158Deanna Monroe
51.7%
224King Ezekiel
51.1%
Lines Character % Correct
220Fr. Gabriel Stokes
49.1%
99Noah
48.5%
237Aaron
47%
173Simon
46.4%
206Dwight
45.6%
58Jim
45.5%
169Milton Mamet
45%
57Axel
40.7%
99Spencer Monroe
40%
132Jessie Anderson
39.7%
105Lizzie Samuels
39.6%
118Dr. Denise Cloyd
38.1%
79Mika Samuels
35.6%
195Enid
34.8%
103Caesar Martinez
34.4%
77Dr. Edwin Jenner
33.7%
88Officer Dawn Lerner
32.3%
210Gregory
30.3%
73Heath
28.8%
72Nicholas
28.3%
89Lilly Chambler
25.2%
68Morales
24.7%
64Richard
22.1%
70Tobin
21.2%
83Jadis
20.6%
70Paula
14.3%
61Gavin
8.3%
58Dr. Harlan Carson
4%

You're not logged in!

Compare scores with friends on all Sporcle quizzes.
Join for Free
OR
Log In

You Might Also Like...

Show Comments

Extras

Top Quizzes Today


Score Distribution

Your Account Isn't Verified!

In order to create a playlist on Sporcle, you need to verify the email address you used during registration. Go to your Sporcle Settings to finish the process.

Report this User

Report this user for behavior that violates our Community Guidelines.

Details: